000
00294nam a22001337a 4500
008
171010b xxu||||| |||| 00| 0 eng d
020
_a
9780070322530
041
_a
eng
080
_2
3RD
_a
316
100
_a
50
101
_a
SOC
245
_a
FEMINIST FRAMEWORKS
_c
JAGGAR,A.M
942
_2
udc
_c
BK
999
_c
32738
_d
32738